Online
Catalog

El staff en la empresa / (Record no. 22184)

MARC details
000 -CABECERA
campo de control de longitud fija 00847nam a2200241 a 4500
001 - NÚMERO DE CONTROL
campo de control 000022687
005 - FECHA Y HORA DE LA ÚLTIMA TRANSACCIÓN
campo de control 20200930021735.0
008 - DATOS DE LONGITUD FIJA--INFORMACIÓN GENERAL
campo de control de longitud fija 101115s1966 sp ad r 000 0 spa d
040 ## - FUENTE DE LA CATALOGACIÓN
Centro catalogador/agencia de origen DO-SdBNP
Lengua de catalogación spa
Centro/agencia transcriptor BNPHU
082 ## - NÚMERO DE LA CLASIFICACIÓN DECIMAL DEWEY
Número de clasificación xxx
Número de documento/Ítem D139s
049 ## - FONDOS LOCALES (OCLC)
Fondos de biblioteca BNGR
100 1# - ENTRADA PRINCIPAL--NOMBRE DE PERSONA
Nombre de persona Dale, Ernest
9 (RLIN) 46644
245 13 - MENCIÓN DE TÍTULO
Título El staff en la empresa /
Mención de responsabilidad, etc. Ernest Dale , Ludndall F. Urwick ; traducción Pedro de la LLosa , María Luisa Oyarzábal.
250 ## - MENCIÓN DE EDICIÓN
Mención de edición 2a ed.
260 ## - PUBLICACIÓN, DISTRIBUCIÓN, ETC.
Lugar de publicación, distribución, etc. Bilbao :
Nombre del editor, distribuidor, etc. Ediciones Deusto,
Fecha de publicación, distribución, etc. 1966.
300 ## - DESCRIPCIÓN FÍSICA
Extensión 221 p. :
Otras características físicas il., diag. ;
Dimensiones 25 cm.
490 1# - MENCIÓN DE SERIE
Mención de serie Clásicos de gestión
504 ## - NOTA DE BIBLIOGRAFÍA, ETC.
Nota de bibliografía, etc. Incluye referencias bibliográficas y notas al pie de las páginas.
700 1# - PUNTO DE ACCESO ADICIONAL--NOMBRE DE PERSONA
Nombre de persona Urwick, Lyndall F.,
9 (RLIN) 46645
700 1# - PUNTO DE ACCESO ADICIONAL--NOMBRE DE PERSONA
Nombre de persona Llosa, Pedro de la,
Término indicativo de función/relación tr.
9 (RLIN) 46646
700 1# - PUNTO DE ACCESO ADICIONAL--NOMBRE DE PERSONA
Nombre de persona Oyarzábal, María Luisa,
Término indicativo de función/relación tr.
9 (RLIN) 46647
830 #0 - PUNTO DE ACCESO ADICIONAL DE SERIE-TÍTULO UNIFORME
Título uniforme Clásicos de gestión
9 (RLIN) 46648
Holdings
Estado de retiro Estado de pérdida Restricciones de uso No para préstamo Código de colección Localización permanente Ubicación/localización actual Ubicación en estantería Fecha de adquisición Número de inventario Total de préstamos Signatura topográfica completa Código de barras Fecha visto por última vez Precio válido a partir de Tipo de ítem Koha
        Monografías: Libros y Folletos General General En catalogación 15.11.2010 LF1   xxx D139s 22687-10 25.06.2020 25.06.2020 Préstamo en sala

Powered by Koha